[Event "7th Chennai Open"]
[Site "Chennai"]
[Date "2014.12.31"]
[Round "2"]
[White "Evdokimov, Alexander A"]
[Black "Abhishek, Kelkar"]
[Result "0-1"]
[WhiteElo "2538"]
[BlackElo "2280"]
[PlyCount "150"]
[EventDate "2014.12.30"]
[EventType "swiss"]
[EventRounds "10"]
[EventCountry "IND"]

1. Nf3 d5 2. c4 c6 3. e3 Nf6 4. Nc3 g6 5. b3 Bg7 6. Bb2 O-O 7. Be2 Bg4 8. O-O
Nbd7 9. d4 e6 10. Rc1 Re8 11. h3 Bxf3 12. Bxf3 a6 13. Qc2 Qe7 14. Rfd1 Rad8 15.
Nb1 Qd6 16. Nd2 Qb8 17. a3 Rc8 18. Qb1 Red8 19. Bc3 Re8 20. Qb2 Rcd8 21. Be2
Rc8 22. f4 Nf8 23. Bf3 N8d7 24. a4 b5 25. Qa3 Bf8 26. c5 Bh6 27. Ra1 g5 28.
fxg5 Bxg5 29. Nf1 e5 30. axb5 axb5 31. Qa7 b4 32. Be1 exd4 33. exd4 Nf8 34.
Qxb8 Rxb8 35. Bg3 Ra8 36. Be5 N6d7 37. Bg3 Ne6 38. Bf2 Bf6 39. Bg4 Rxa1 40.
Rxa1 Ndxc5 41. Rc1 Nxb3 42. Rxc6 Nbxd4 43. Rb6 Be7 44. Rb7 Bd6 45. Rd7 Nb5 46.
Be2 Nc3 47. Bh5 Be7 48. Ne3 Nf8 49. Rc7 Ng6 50. Ng4 Ne4 51. Bd4 Bf8 52. Rd7 Rb8
53. Rxd5 b3 54. Bxg6 hxg6 55. Bb2 Bg7 56. Ne5 Ra8 57. Kh2 Ra2 58. Bd4 Rd2 59.
Nf3 Rd1 60. Rd8+ Kh7 61. Rb8 Bxd4 62. Nxd4 Rxd4 63. Rxb3 Kg7 64. Ra3 f5 65. Rb3
Kf6 66. Ra3 Rd2 67. Rb3 f4 68. Rb6+ Rd6 69. Rb4 Re6 70. Ra4 Kf5 71. Ra5+ Re5
72. Ra8 Ng3 73. Rf8+ Kg5 74. Rf7 Re1 75. h4+ Kg4 0-1

[Event "7th Chennai Open"]
[Site "Chennai"]
[Date "2014.12.31"]
[Round "2"]
[White "Lokesh, P."]
[Black "Dzhumaev, Marat"]
[Result "0-1"]
[WhiteElo "2251"]
[BlackElo "2532"]
[PlyCount "73"]
[EventDate "2014.12.30"]
[EventType "swiss"]
[EventRounds "10"]
[EventCountry "IND"]

1. e4 g6 2. d4 Bg7 3. Nf3 d6 4. Bd3 c5 5. d5 Nf6 6. c4 O-O 7. O-O e6 8. h3 a6
9. Nc3 Re8 10. Rb1 Qc7 11. Re1 Nbd7 12. dxe6 fxe6 13. Bf1 Nh5 14. g4 Nhf6 15.
Bf4 Ne5 16. Nxe5 dxe5 17. Be3 Bd7 18. Qc2 Bf8 19. a3 Rec8 20. Bg5 Ne8 21. Qd2
Nd6 22. f4 Re8 23. f5 Bc6 24. fxe6 Rxe6 25. b4 Nf7 26. Be3 Qd8 27. Qxd8 Rxd8
28. bxc5 Rd4 29. Bxd4 exd4 30. Nd5 Bxc5 31. Nf4 Rxe4 32. Rxe4 Bxe4 33. Bd3 Bc6
34. Ne6 Bxa3 35. Nd8 Nxd8 36. Re1 Kf7 37. Rd1 0-1

[Event "7th Chennai Open"]
[Site "Chennai"]
[Date "2014.12.31"]
[Round "2"]
[White "Gasanov, Eldar"]
[Black "Kathmale, Sameer"]
[Result "1/2-1/2"]
[WhiteElo "2526"]
[BlackElo "2267"]
[PlyCount "49"]
[EventDate "2014.12.30"]
[EventType "swiss"]
[EventRounds "10"]
[EventCountry "IND"]

1. Nf3 Nf6 2. c4 c6 3. Nc3 d5 4. e3 a6 5. d4 Bf5 6. Qb3 Ra7 7. Bd2 e6 8. Be2 h6
9. O-O Bd6 10. Rfc1 O-O 11. cxd5 exd5 12. Na4 b5 13. Nc5 a5 14. Nd3 Nfd7 15.
Nde5 Bxe5 16. Nxe5 Nxe5 17. dxe5 Qe7 18. Qc3 Rc8 19. Qd4 c5 20. Qf4 Bd7 21. e4
d4 22. a4 bxa4 23. Qg3 Kh7 24. f4 Rb7 25. Rc2 1/2-1/2

[Event "7th Chennai Open"]
[Site "Chennai"]
[Date "2014.12.31"]
[Round "2"]
[White "Hemant, Sharma (del)"]
[Black "Nguyen, Duc Hoa"]
[Result "1-0"]
[WhiteElo "2234"]
[BlackElo "2507"]
[PlyCount "113"]
[EventDate "2014.12.30"]
[EventType "swiss"]
[EventRounds "10"]
[EventCountry "IND"]

1. c4 e6 2. Nf3 d5 3. b3 Nf6 4. g3 a5 5. Bb2 a4 6. Qc1 Be7 7. Bg2 O-O 8. O-O
Nbd7 9. d3 Re8 10. Re1 c6 11. Nbd2 Bf8 12. Rb1 e5 13. cxd5 cxd5 14. e4 d4 15.
Ba3 Re6 16. bxa4 Rxa4 17. Bxf8 Qxf8 18. Qc2 Ra3 19. Rb3 Rxb3 20. Qxb3 Rb6 21.
Qc2 Rc6 22. Qb1 Qc5 23. Nc4 b5 24. Na5 Rc7 25. Nb3 Qc2 26. Qxc2 Rxc2 27. Rc1
Rxc1+ 28. Nxc1 b4 29. Bh3 Ba6 30. Kf1 Kf8 31. Ke1 Ke7 32. Kd2 Bb5 33. Ne1 Ba4
34. f4 h6 35. Ne2 g5 36. Bxd7 Bxd7 37. fxe5 Ng4 38. Nf3 Be6 39. Nexd4 Bxa2 40.
Nc6+ Kd7 41. Nxb4 Be6 42. d4 Nf2 43. Ke3 Ng4+ 44. Ke2 Bc4+ 45. Kd2 Nf2 46. Kc3
Bf1 47. Nd2 Bg2 48. Nd5 Ke6 49. Nf6 h5 50. Nxh5 Bxe4 51. Nxe4 Nxe4+ 52. Kd3
Nf2+ 53. Ke2 Ng4 54. Nf6 Nxh2 55. g4 Ke7 56. d5 Kd8 57. Kf2 {Ke8} 1-0

[Event "7th Chennai Open"]
[Site "Chennai"]
[Date "2014.12.31"]
[Round "2"]
[White "Shetty, Rahul"]
[Black "Karthikeyan, Murali"]
[Result "0-1"]
[WhiteElo "2217"]
[BlackElo "2497"]
[PlyCount "64"]
[EventDate "2014.12.30"]
[EventType "swiss"]
[EventRounds "10"]
[EventCountry "IND"]

1. Nf3 Nf6 2. c4 e6 3. Nc3 Nc6 4. d4 d6 5. g3 g6 6. Bg2 Bg7 7. O-O O-O 8. h3 h6
9. Be3 e5 10. dxe5 dxe5 11. Qc1 Kh7 12. Rd1 Bd7 13. Nd5 Ng8 14. Bc5 Re8 15. e3
Qc8 16. Kh2 e4 17. Nd2 f5 18. f3 Ne5 19. fxe4 Nd3 20. Qc2 Nxc5 21. exf5 Bxf5
22. e4 Be6 23. Nf3 c6 24. Nf4 Bf7 25. Re1 Nd7 26. Rad1 Ne5 27. Nxe5 Bxe5 28.
Nd3 Qc7 29. Nxe5 Qxe5 30. b3 Nf6 31. Qf2 Kg7 32. Rd4 Rad8 0-1

[Event "7th Chennai Open"]
[Site "Chennai"]
[Date "2014.12.31"]
[Round "2"]
[White "Mari Arul, S."]
[Black "Narayanan, Srinath"]
[Result "1/2-1/2"]
[WhiteElo "2196"]
[BlackElo "2461"]
[PlyCount "128"]
[EventDate "2014.12.30"]
[EventType "swiss"]
[EventRounds "10"]
[EventCountry "IND"]

1. e4 c5 2. Nf3 d6 3. d4 Nf6 4. Nc3 cxd4 5. Nxd4 a6 6. Bg5 Nbd7 7. f4 Qc7 8.
Qf3 h6 9. Bxf6 Nxf6 10. f5 Qc5 11. O-O-O g5 12. fxg6 Bg4 13. gxf7+ Kxf7 14. Qd3
Bxd1 15. Nxd1 e6 16. g3 Bg7 17. Bh3 Rae8 18. Ne3 Re7 19. Rf1 b5 20. Kb1 h5 21.
Ng2 Rhe8 22. Nf4 e5 23. Nb3 Qc4 24. Nxh5 Qxd3 25. cxd3 Rh8 26. Bg4 Kg6 27. Nxf6
Bxf6 28. h3 Bg5 29. d4 exd4 30. Nxd4 Bf6 31. Nc2 Kg7 32. Bf5 d5 33. exd5 Re5
34. d6 Re2 35. d7 Rg2 36. Bg4 Rxg3 37. Rd1 Rg2 38. Nd4 Kf7 39. Nc6 Rxb2+ 40.
Kc1 Rxa2 41. d8=Q Bxd8 42. Nxd8+ Kf6 43. Kb1 Ra4 44. Nc6 Re8 45. Kb2 Re3 46.
Nd4 Rb4+ 47. Kc2 Rc4+ 48. Kb2 a5 49. Nc2 Re5 50. Rd6+ Ke7 51. Rd7+ Ke8 52. Ra7
b4 53. Na1 Rf4 54. Bd1 Rf1 55. Bc2 Rf2 56. Nb3 Ree2 57. Na1 b3 58. Kxb3 Re5 59.
Kc4 Rf4+ 60. Kd3 Rh4 61. Nb3 Rd5+ 62. Kc3 a4 63. Nc1 Rc5+ 64. Kd2 Rxh3 1/2-1/2

[Event "7th Chennai Open"]
[Site "Chennai"]
[Date "2014.12.31"]
[Round "2"]
[White "Nguyen, Van Huy"]
[Black "Deshmukh, Anup"]
[Result "1-0"]
[WhiteElo "2445"]
[BlackElo "2250"]
[PlyCount "87"]
[EventDate "2014.12.30"]
[EventType "swiss"]
[EventRounds "10"]
[EventCountry "IND"]

1. d4 d5 2. Nf3 c6 3. c4 dxc4 4. e3 Be6 5. Nbd2 b5 6. a4 Qa5 7. Be2 Nd7 8. O-O
f6 9. Ne4 Bd5 10. Bd2 Qc7 11. Qc2 e6 12. Nc3 b4 13. Nd1 b3 14. Qc1 f5 15. Bxc4
Ngf6 16. Ng5 Qd6 17. f3 h6 18. Nh3 g5 19. Nhf2 Rg8 20. Bxd5 exd5 21. Qb1 Qe6
22. Qd3 g4 23. fxg4 fxg4 24. Nc3 g3 25. hxg3 Bd6 26. e4 Rxg3 27. Qe2 O-O-O 28.
Nh1 Rg6 29. e5 Rdg8 30. Rf2 Nxe5 31. dxe5 Bc5 32. Be3 d4 33. Rxf6 Rxg2+ 34.
Qxg2 Rxg2+ 35. Kxg2 Qg4+ 36. Ng3 Kb7 37. Rf4 Qg6 38. Nce4 dxe3 39. Nxc5+ Kb6
40. Nce4 Qe6 41. a5+ Kc7 42. Raf1 Qxe5 43. Rf7+ Kb8 44. a6 1-0

[Event "7th Chennai Open"]
[Site "Chennai"]
[Date "2014.12.31"]
[Round "2"]
[White "Pratyusha, Bodda"]
[Black "Das, Sayantan"]
[Result "0-1"]
[WhiteElo "2192"]
[BlackElo "2444"]
[PlyCount "60"]
[EventDate "2014.12.30"]
[EventType "swiss"]
[EventRounds "10"]
[EventCountry "IND"]

1. d4 d5 2. c4 e6 3. Nc3 Bb4 4. cxd5 exd5 5. Bf4 Nf6 6. e3 c5 7. Bd3 Nc6 8.
Nge2 O-O 9. O-O h6 10. dxc5 Bxc5 11. a3 Re8 12. h3 a6 13. Qc2 Ba7 14. b4 Bd7
15. b5 Ne5 16. bxa6 Nxd3 17. Qxd3 bxa6 18. a4 Be6 19. Nd4 Bxd4 20. exd4 Rc8 21.
Rfc1 Rc4 22. Ne2 Qc8 23. Be5 Nd7 24. Bf4 Nf8 25. Qd2 Ng6 26. Be3 Bxh3 27. Ng3
Nh4 28. Bg5 hxg5 29. Qxg5 Qg4 30. Qxg4 Bxg4 0-1

[Event "7th Chennai Open"]
[Site "Chennai"]
[Date "2014.12.31"]
[Round "2"]
[White "Nandhidhaa, Pv"]
[Black "Prasanna, Raghuram Rao"]
[Result "1/2-1/2"]
[WhiteElo "2177"]
[BlackElo "2436"]
[PlyCount "142"]
[EventDate "2014.12.30"]
[EventType "swiss"]
[EventRounds "10"]
[EventCountry "IND"]

1. b3 Nf6 2. Bb2 d5 3. e3 c5 4. f4 Nc6 5. Nf3 e6 6. Bb5 Bd6 7. O-O Bd7 8. Nc3
Qc7 9. Qe2 a6 10. Bxc6 Bxc6 11. Kh1 O-O-O 12. d4 Ng4 13. Ne5 h5 14. Ba3 g5 15.
Qd3 Be8 16. Bxc5 Bxc5 17. dxc5 gxf4 18. exf4 Qxc5 19. Nxg4 hxg4 20. Rad1 d4 21.
Ne4 Qh5 22. Qg3 Bc6 23. Rfe1 Rh6 24. Kg1 Rdh8 25. Rxd4 Qxh2+ 26. Qxh2 Rxh2 27.
Re2 Rh1+ 28. Kf2 Ra1 29. Nd6+ Kc7 30. Nxf7 Rg8 31. Ne5 g3+ 32. Ke3 Be8 33. c4
Bh5 34. Red2 Re1+ 35. Kd3 Rf8 36. Kc3 Re2 37. Rd7+ Kc8 38. Rxe2 Bxe2 39. Kd2
Bf1 40. Ke3 Bxg2 41. Rg7 Bh3 42. Rxg3 Bf5 43. b4 Rd8 44. c5 Rd1 45. Rg8+ Kc7
46. Rg7+ Kb8 47. c6 bxc6 48. Nxc6+ Kc8 49. Ne7+ Kb8 50. Nxf5 exf5 51. Rf7 Re1+
52. Kf3 Rf1+ 53. Ke3 Re1+ 54. Kd3 Re4 55. Rxf5 Rxb4 56. Kc3 Re4 57. Rf7 Kc8 58.
f5 Kd8 59. f6 Rf4 60. Kc2 Ke8 61. Re7+ Kf8 62. Re6 Kf7 63. Rxa6 Rxf6 64. Ra7+
Ke8 65. Rc7 Kd8 66. Rc4 Kd7 67. Kb3 Rc6 68. Rh4 Kc7 69. a4 Rg6 70. a5 Kb7 71.
Kb4 Ka6 1/2-1/2

[Event "7th Chennai Open"]
[Site "Chennai"]
[Date "2014.12.31"]
[Round "2"]
[White "Swapnil, S. Dhopade"]
[Black "Ram, S. Krishnan"]
[Result "1-0"]
[WhiteElo "2418"]
[BlackElo "2240"]
[PlyCount "63"]
[EventDate "2014.12.30"]
[EventType "swiss"]
[EventRounds "10"]
[EventCountry "IND"]

1. d4 Nf6 2. c4 e6 3. Nf3 b6 4. g3 Ba6 5. Qc2 c5 6. d5 exd5 7. cxd5 Bb7 8. Bg2
Nxd5 9. O-O Be7 10. Ne5 Qc7 11. Qe4 f6 12. Nd3 Bc6 13. Qg4 g6 14. e4 Nb4 15.
Nxb4 cxb4 16. Bh6 Na6 17. Nd2 Nc5 18. Nc4 Qb7 19. Bg7 Kf7 20. Bxh8 Rxh8 21.
Rfd1 h5 22. Qf4 Kg7 23. Nd6 Qb8 24. e5 Bxg2 25. Kxg2 a5 26. Nc4 h4 27. exf6+
Bxf6 28. Rd6 Rf8 29. Re1 Qb7+ 30. f3 hxg3 31. Rxf6 Qc7 32. Rf7+ {Kxf7} 1-0

[Event "7th Chennai Open"]
[Site "Chennai"]
[Date "2014.12.31"]
[Round "2"]
[White "Sekar, B."]
[Black "Gagare, Shardul"]
[Result "0-1"]
[WhiteElo "2173"]
[BlackElo "2411"]
[PlyCount "72"]
[EventDate "2014.12.30"]
[EventType "swiss"]
[EventRounds "10"]
[EventCountry "IND"]

1. e4 c6 2. d4 d5 3. Nc3 g6 4. Nf3 Bg7 5. h3 Nf6 6. e5 Ne4 7. Nxe4 dxe4 8. Ng5
c5 9. c3 cxd4 10. cxd4 Nc6 11. Be3 Qa5+ 12. Qd2 Qxd2+ 13. Kxd2 O-O 14. Bc4 h6
15. Nxe4 Rd8 16. Kc3 Bf5 17. Nd2 Rac8 18. a4 Na5 19. b3 a6 20. g4 Be6 21. f4 f6
22. Rhd1 g5 23. Re1 b5 24. axb5 Nxc4 25. bxc4 axb5 26. c5 gxf4 27. Bxf4 b4+ 28.
Kd3 Rxc5 29. exf6 Rc3+ 30. Ke2 Bxf6 31. Ne4 Bc4+ 32. Kf2 Bxd4+ 33. Kg2 Rc2+ 34.
Kg3 Bxa1 35. Rxa1 Rd3+ 36. Kh4 Rd4 0-1

[Event "7th Chennai Open"]
[Site "Chennai"]
[Date "2014.12.31"]
[Round "2"]
[White "Laxman, R.R."]
[Black "Ashwath, R."]
[Result "1-0"]
[WhiteElo "2408"]
[BlackElo "2216"]
[PlyCount "79"]
[EventDate "2014.12.30"]
[EventType "swiss"]
[EventRounds "10"]
[EventCountry "IND"]

1. d4 Nf6 2. c4 e6 3. g3 d5 4. Nf3 dxc4 5. Bg2 a6 6. O-O Nc6 7. e3 Rb8 8. Qe2
b5 9. Bd2 Be7 10. b3 cxb3 11. axb3 O-O 12. Rc1 Bb7 13. Ne1 Nd5 14. Nd3 Re8 15.
Nc3 Ndb4 16. Nxb4 Nxb4 17. Ne4 e5 18. dxe5 Nd3 19. Rd1 Nxe5 20. Bc3 Bd6 21.
Nxd6 cxd6 22. Bxb7 Rxb7 23. Rxa6 Qc8 24. Bd4 Nc6 25. Bb2 Rb8 26. Rda1 Qd7 27.
Qd2 Red8 28. Qd5 Ne7 29. Qe4 Ng6 30. Ra7 Qe8 31. Qd5 Rd7 32. R7a6 Qe6 33. Rd1
Rbd8 34. Rb6 Qg4 35. Qd4 Qxd4 36. Bxd4 h5 37. h4 Nf8 38. Rxb5 d5 39. Bc3 Ne6
40. Ba5 1-0

[Event "7th Chennai Open"]
[Site "Chennai"]
[Date "2014.12.31"]
[Round "2"]
[White "Gandhi, Anish"]
[Black "Rajesh, V A V."]
[Result "0-1"]
[WhiteElo "2163"]
[BlackElo "2408"]
[PlyCount "104"]
[EventDate "2014.12.30"]
[EventType "swiss"]
[EventRounds "10"]
[EventCountry "IND"]

1. d4 Nf6 2. c4 g6 3. g3 Bg7 4. Bg2 d5 5. cxd5 Nxd5 6. Nf3 O-O 7. O-O Nb6 8.
Nc3 Nc6 9. e3 Re8 10. Re1 a5 11. Qe2 Bg4 12. h3 Be6 13. b3 a4 14. Ng5 Bd7 15.
Nge4 axb3 16. Nc5 Qc8 17. Nxd7 Qxd7 18. Qb5 bxa2 19. Rxa2 Rxa2 20. Nxa2 e5 21.
d5 Nb8 22. Qb3 Qa4 23. Qxa4 Nxa4 24. Ba3 Bf8 25. d6 Bxd6 26. Bxd6 cxd6 27. Bxb7
Nc5 28. Bg2 Nba6 29. Rd1 Rd8 30. Nc3 Nc7 31. f4 exf4 32. exf4 Kf8 33. Kf2 Ke7
34. g4 Rb8 35. Re1+ Kd7 36. Re3 Rb4 37. Kg3 Rd4 38. f5 d5 39. fxg6 hxg6 40. h4
Rd2 41. Ne2 d4 42. Nxd4 Rxd4 43. h5 N7e6 44. hxg6 fxg6 45. Bf3 g5 46. Re5 Kd6
47. Rf5 Ne4+ 48. Kg2 Rd2+ 49. Kg1 N4c5 50. Kf1 Nd7 51. Be2 Ne5 52. Kf2 Rxe2+
0-1

[Event "7th Chennai Open"]
[Site "Chennai"]
[Date "2014.12.31"]
[Round "2"]
[White "Ramnath, Bhuvanesh.R"]
[Black "K., Praneeth Surya"]
[Result "1-0"]
[WhiteElo "2405"]
[BlackElo "2212"]
[PlyCount "87"]
[EventDate "2014.12.30"]
[EventType "swiss"]
[EventRounds "10"]
[EventCountry "IND"]

1. e4 c5 2. b3 d6 3. Bb2 Nf6 4. Bb5+ Bd7 5. Bxd7+ Nbxd7 6. d3 g6 7. f4 Bg7 8.
Nf3 O-O 9. a4 e5 10. fxe5 Ng4 11. Nc3 Qa5 12. Qd2 Bh6 13. Qe2 Ne3 14. h4 d5 15.
exd5 Rae8 16. Kf2 Ng4+ 17. Kg1 Be3+ 18. Kf1 h5 19. Ne4 Bd4 20. b4 Qd8 21. Nxd4
cxd4 22. Bxd4 Ndxe5 23. Bc5 f5 24. Ng5 Nf7 25. Qf3 Nxg5 26. hxg5 Rf7 27. Re1
Rxe1+ 28. Kxe1 Ne5 29. Qe3 Qxd5 30. Rh4 Nc6 31. b5 f4 32. Rxf4 Rxf4 33. Qxf4
Qxc5 34. bxc6 Qxc6 35. Qe4 Qxc2 36. Qxg6+ Kf8 37. Qf6+ Kg8 38. g6 Qb3 39. d4 b6
40. Kf2 a6 41. Kg1 b5 42. axb5 axb5 43. Kh2 Qd5 44. Qe7 1-0

[Event "7th Chennai Open"]
[Site "Chennai"]
[Date "2014.12.31"]
[Round "2"]
[White "Swain, Ashirwad"]
[Black "Lazarev, Vladimir"]
[Result "1/2-1/2"]
[WhiteElo "2158"]
[BlackElo "2387"]
[PlyCount "49"]
[EventDate "2014.12.30"]
[EventType "swiss"]
[EventRounds "10"]
[EventCountry "IND"]

1. e4 c5 2. Nf3 Nc6 3. d4 cxd4 4. Nxd4 Qc7 5. Nc3 e6 6. Be2 a6 7. O-O Nf6 8.
Be3 Be7 9. f4 d6 10. a4 O-O 11. Nb3 b6 12. Bd3 Bb7 13. g4 Rfe8 14. g5 Nd7 15.
Rf3 Nb4 16. Rh3 g6 17. Qg4 f5 18. exf5 exf5 19. Bxf5 gxf5 20. Qxf5 Nf8 21. Rxh7
Nxh7 22. Qg6+ Kf8 23. Qh6+ Kg8 24. Qg6+ Kf8 25. Qh6+ 1/2-1/2

[Event "7th Chennai Open"]
[Site "Chennai"]
[Date "2014.12.31"]
[Round "3"]
[White "Ravichandran, Siddharth"]
[Black "Popov, Ivan"]
[Result "1/2-1/2"]
[WhiteElo "2381"]
[BlackElo "2622"]
[PlyCount "47"]
[EventDate "2014.12.30"]
[EventType "swiss"]
[EventRounds "10"]
[EventCountry "IND"]

1. d4 Nf6 2. Nf3 g6 3. Nc3 d5 4. Bf4 Bg7 5. e3 c6 6. Be2 Nbd7 7. Ne5 O-O 8. O-O
a5 9. a4 Nxe5 10. Bxe5 Bf5 11. Bd3 Qd7 12. Ne2 Rfe8 13. c4 Bxd3 14. Qxd3 dxc4
15. Qxc4 Nd5 16. Bxg7 Kxg7 17. Nc3 Nb4 18. Rad1 Rad8 19. Qc5 Qc7 20. Nb5 Qb8
21. Nc3 Qc7 22. Nb5 Qb8 23. Nc3 Qc7 24. Nb5 1/2-1/2

[Event "7th Chennai Open"]
[Site "Chennai"]
[Date "2014.12.31"]
[Round "3"]
[White "David, Alberto"]
[Black "Ramnath, Bhuvanesh.R"]
[Result "0-1"]
[WhiteElo "2578"]
[BlackElo "2405"]
[PlyCount "96"]
[EventDate "2014.12.30"]
[EventType "swiss"]
[EventRounds "10"]
[EventCountry "IND"]

1. e4 c5 2. Nf3 Nc6 3. Bb5 Nf6 4. Bxc6 dxc6 5. d3 Bg4 6. Nbd2 g6 7. h3 Bxf3 8.
Qxf3 Bg7 9. O-O O-O 10. Nc4 Ne8 11. Qg3 Nd6 12. Ne5 Qc8 13. Re1 Qe6 14. Nf3 h6
15. Qh4 g5 16. Qh5 f6 17. Bd2 Qf7 18. Qg4 e6 19. Qg3 Rad8 20. a4 f5 21. Ne5 f4
22. Nxf7 fxg3 23. Nxh6+ Bxh6 24. fxg3 c4 25. Be3 cxd3 26. cxd3 a6 27. Bc5 Rf7
28. g4 Bg7 29. Be3 Nc8 30. Bxg5 Rxd3 31. Re2 Nd6 32. Rc1 Rd4 33. e5 Nc4 34.
Rce1 Rd5 35. Bf6 Bxf6 36. exf6 Rxf6 37. b3 Nd6 38. Rxe6 Rxe6 39. Rxe6 Kf7 40.
Rh6 c5 41. h4 b5 42. Rh7+ Kf6 43. Ra7 bxa4 44. bxa4 c4 45. Rxa6 Ke6 46. g5 Rc5
47. g6 c3 48. g7 Ke5 0-1

[Event "7th Chennai Open"]
[Site "Chennai"]
[Date "2014.12.31"]
[Round "3"]
[White "Baryshpolets, Andrey"]
[Black "Rathnakaran, K."]
[Result "0-1"]
[WhiteElo "2566"]
[BlackElo "2387"]
[PlyCount "76"]
[EventDate "2014.12.30"]
[EventType "swiss"]
[EventRounds "10"]
[EventCountry "IND"]

1. d4 Nf6 2. c4 c5 3. d5 e6 4. Nc3 exd5 5. cxd5 d6 6. Nf3 g6 7. Bf4 a6 8. a4
Bg7 9. h3 O-O 10. e3 Re8 11. Nd2 Nbd7 12. Be2 Ne5 13. O-O b6 14. Bg3 Bb7 15. f4
Ned7 16. Nc4 Qc7 17. Bf3 b5 18. axb5 Nb6 19. Na5 Rxe3 20. f5 Bc8 21. fxg6 hxg6
22. Qd2 Nh5 23. Bf2 Rxf3 24. gxf3 Bxh3 25. Rfe1 axb5 26. Nxb5 Qd7 27. Nc6 Rxa1
28. Rxa1 Bf6 29. Re1 Kh7 30. Nc3 Qf5 31. Ne4 Qxf3 32. Nxf6+ Nxf6 33. Qg5 Nbxd5
34. Qg3 Qf5 35. Ne7 Nxe7 36. Rxe7 Nh5 37. Qxd6 Qg4+ 38. Bg3 Qf3 0-1

[Event "7th Chennai Open"]
[Site "Chennai"]
[Date "2014.12.31"]
[Round "3"]
[White "Cruz, Cristhian"]
[Black "Visakh, Nr"]
[Result "1-0"]
[WhiteElo "2546"]
[BlackElo "2346"]
[PlyCount "85"]
[EventDate "2014.12.30"]
[EventType "swiss"]
[EventRounds "10"]
[EventCountry "IND"]

1. d4 Nf6 2. c4 e6 3. Nc3 Bb4 4. e3 O-O 5. Bd3 d5 6. Nf3 c5 7. O-O cxd4 8. exd4
dxc4 9. Bxc4 b6 10. Bg5 Bb7 11. Re1 Nbd7 12. Bb3 Rc8 13. Rc1 Bxc3 14. bxc3 h6
15. Bh4 b5 16. Ne5 g5 17. Bg3 Ne4 18. Qd3 Nxg3 19. hxg3 Nxe5 20. Rxe5 Kg7 21.
Qxb5 Rc7 22. Rce1 Qf6 23. Rc5 Rfc8 24. Rxc7 Rxc7 25. Re3 a6 26. Qa5 Rd7 27. Ba4
Re7 28. Qd8 Bd5 29. c4 Bb7 30. d5 g4 31. Bd1 e5 32. Bxg4 e4 33. Kh2 a5 34. c5
h5 35. Bh3 Qxf2 36. Qxe7 Qxe3 37. c6 Ba6 38. d6 Qc5 39. Be6 h4 40. Qxf7+ Kh6
41. Qf6+ Kh7 42. Qf5+ Qxf5 43. Bxf5+ 1-0

[Event "7th Chennai Open"]
[Site "Chennai"]
[Date "2014.12.31"]
[Round "3"]
[White "Dzhumaev, Marat"]
[Black "Vignesh, Nr"]
[Result "1/2-1/2"]
[WhiteElo "2532"]
[BlackElo "2340"]
[PlyCount "155"]
[EventDate "2014.12.30"]
[EventType "swiss"]
[EventRounds "10"]
[EventCountry "IND"]

1. e4 c5 2. Nf3 d6 3. d4 cxd4 4. Nxd4 Nf6 5. Nc3 a6 6. f4 Qc7 7. Bd3 g6 8. Nf3
Bg7 9. O-O Nc6 10. Qe1 Nb4 11. e5 Nd7 12. exd6 Qxd6 13. Be4 Nf6 14. Be3 Qc7 15.
Bd4 O-O 16. Kh1 Nxe4 17. Bxg7 Ng3+ 18. Qxg3 Kxg7 19. Rae1 Nxc2 20. Re2 Nb4 21.
Qh4 Nc6 22. Nd5 Qd8 23. Nxe7 Nxe7 24. Rxe7 Bg4 25. h3 Bxf3 26. Rxf3 Re8 27.
Rxe8 Qxe8 28. f5 Rd8 29. Rf1 Qe2 30. Qf4 Qd2 31. Qc7 Qd7 32. Qb6 gxf5 33. Qe3
f6 34. Qg3+ Kf7 35. Rf4 Rg8 36. Qb3+ Kg7 37. Qf3 Rd8 38. Kh2 Qd5 39. Rxf5 Qxf3
40. Rxf3 Rd2 41. Rb3 b5 42. Kg3 Kg6 43. Kf3 h5 44. Ra3 Rxb2 45. Rxa6 b4 46. Rb6
Kg5 47. Rb5+ Kg6 48. Kg3 Kh6 49. h4 Kg6 50. Kf3 Kh6 51. g3 Kg6 52. Kf4 Rf2+ 53.
Ke3 Rb2 54. Kf3 Kh6 55. Ke4 Kg6 56. Rb8 Re2+ 57. Kf3 Rb2 58. Rb6 Kf5 59. Rb5+
Kg6 60. Ke3 Kh6 61. Rb8 Kg6 62. Ke4 Re2+ 63. Kf4 Rf2+ 64. Ke3 Rb2 65. Rb5 Kh6
66. Rf5 Kg6 67. Rb5 Kh6 68. Ke4 Kg6 69. Ke3 Kh6 70. Rf5 Kg6 71. Rf4 Kg7 72. Rc4
Kg6 73. Kf4 Rf2+ 74. Ke4 Re2+ 75. Kf4 Rf2+ 76. Ke4 Re2+ 77. Kf4 Rf2+ 78. Ke4
1/2-1/2

[Event "7th Chennai Open"]
[Site "Chennai"]
[Date "2014.12.31"]
[Round "3"]
[White "Karthikeyan, Murali"]
[Black "Sai, Vishwesh.C"]
[Result "1-0"]
[WhiteElo "2497"]
[BlackElo "2337"]
[PlyCount "51"]
[EventDate "2014.12.30"]
[EventType "swiss"]
[EventRounds "10"]
[EventCountry "IND"]

1. e4 c5 2. Nf3 Nc6 3. Bb5 g6 4. O-O Bg7 5. Bxc6 dxc6 6. d3 Nf6 7. h3 O-O 8. a4
Nd7 9. a5 e5 10. Nbd2 Rb8 11. Nc4 Qc7 12. Be3 b5 13. axb6 axb6 14. Qd2 Bb7 15.
Bh6 Rbd8 16. Bxg7 Kxg7 17. Nh2 b5 18. Na5 Ba8 19. Ng4 f5 20. exf5 gxf5 21. Qg5+
Kh8 22. Nh6 f4 23. Rfe1 Rde8 24. Nb3 Qd6 25. Ra7 c4 26. Nc5 1-0

[Event "7th Chennai Open"]
[Site "Chennai"]
[Date "2014.12.31"]
[Round "3"]
[White "Kumaran, B."]
[Black "Nguyen, Van Huy"]
[Result "0-1"]
[WhiteElo "2316"]
[BlackElo "2445"]
[PlyCount "116"]
[EventDate "2014.12.30"]
[EventType "swiss"]
[EventRounds "10"]
[EventCountry "IND"]

1. e4 c6 2. d4 d5 3. e5 Bf5 4. h4 e6 5. Bd3 Bxd3 6. Qxd3 h5 7. Bg5 Be7 8. Nf3
Qa5+ 9. Nbd2 Qa6 10. Qxa6 Nxa6 11. c4 f6 12. Bf4 Bb4 13. Rc1 Ne7 14. a3 Bxd2+
15. Kxd2 dxc4 16. Rxc4 Nd5 17. Bg3 f5 18. Ng5 Ke7 19. Rd1 Rhd8 20. Ke2 Rac8 21.
Nh3 Nac7 22. Bf4 Rd7 23. f3 Nb5 24. Be3 Nxe3 25. Kxe3 c5 26. Nf4 Nxd4 27. Rcc1
Rcd8 28. Kf2 b6 29. Nxh5 Nc6 30. Rxd7+ Rxd7 31. Re1 Rd2+ 32. Re2 Rxe2+ 33. Kxe2
g6 34. Nf4 Nxe5 35. Kd2 Kf6 36. Kc3 Nf7 37. Nd3 e5 38. Kc4 e4 39. fxe4 fxe4 40.
Nf4 Kf5 41. Ne2 Ne5+ 42. Kd5 e3 43. b3 Nd3 44. g4+ Kxg4 45. Ke4 Nf2+ 46. Kxe3
Nh3 47. Ke4 Kxh4 48. Kd5 g5 49. Kc6 Nf4 50. Nc3 g4 51. Ne4 g3 52. Nxg3 Kxg3 53.
a4 Ne2 54. Kb5 Nd4+ 55. Kc4 Kf4 56. b4 cxb4 57. Kxd4 a5 58. Kc4 Ke5 0-1

[Event "7th Chennai Open"]
[Site "Chennai"]
[Date "2014.12.31"]
[Round "3"]
[White "Das, Sayantan"]
[Black "Kunal, M."]
[Result "1/2-1/2"]
[WhiteElo "2444"]
[BlackElo "2336"]
[PlyCount "105"]
[EventDate "2014.12.30"]
[EventType "swiss"]
[EventRounds "10"]
[EventCountry "IND"]

1. e4 c6 2. d4 d5 3. Nc3 a6 4. Be3 dxe4 5. Nxe4 Bf5 6. Ng3 Bg6 7. h4 h6 8. Nf3
Nd7 9. h5 Bh7 10. Bd3 Bxd3 11. Qxd3 e6 12. O-O-O Ngf6 13. Rhe1 Be7 14. Ne5 O-O
15. f4 Nd5 16. c4 Nxe5 17. dxe5 Nxe3 18. Qxe3 Qa5 19. a3 Bc5 20. Qb3 Bf2 21.
Re2 Bxg3 22. Qxg3 b5 23. Qc3 Qa4 24. Red2 c5 25. Qc2 Qa5 26. g4 Rab8 27. Rd3
bxc4 28. Qxc4 Qb6 29. R3d2 Qc6 30. g5 Qf3 31. gxh6 gxh6 32. Rf1 Qxh5 33. f5
exf5 34. Rg2+ Kh7 35. Rgf2 Qg4 36. Rf4 Qg2 37. Qc3 c4 38. R1f2 Qh1+ 39. Rf1 Qg2
40. R4f2 Qe4 41. Rxf5 Rb3 42. Qc2 Qxc2+ 43. Kxc2 Re3 44. R1f4 Kg6 45. Rf6+ Kg7
46. Rg4+ Kh7 47. Rh4 Rxe5 48. Rhxh6+ Kg7 49. Rxa6 Re2+ 50. Kc3 f6 51. Rh3 Rb8
52. Kxc4 Rexb2 53. Rg3+ 1/2-1/2